00624nam a2200205 a 450000100060000000300080000600500170001400800410003103500190007204000270009104100080011808200260012624500780015226000490023030000340027965000170031365000210033070000340035170000330038546100BD-RjUL20211209054116.0160730s1958 ii b 001 0 eng  a(BD-RjUL)46218 aDLCcDLCdBD-RjULbeng aeng00a305.420954bWOM 195800aWomen of Indian /cForeword by Jawaharlal NehruCheaf editor Tara Ali Baig aNew Delhi :bThe Publication Division,c1958 aix, 3279 p. :bill. ;c23 cm. 0aWomenzIndia 0aFeminismzIndia. aNehru, JawaharlalForeword by  a Baig, Tara Ali Cheaf editor